[Event "2BLS 1920 SV 1920 Hofheim - Stuttgarter"]
[Site "?"]
[Date "2019.12.07"]
[Round "5.8"]
[White "Burkart, Patrick"]
[Black "Seyfried, Claus"]
[Result "1-0"]
[WhiteElo "2317"]
[BlackElo "2122"]
[PlyCount "87"]
[EventDate "2019.??.??"]

1. d4 d5 2. c4 e6 3. Nf3 c6 4. Qc2 dxc4 5. Qxc4 Nf6 6. g3 Be7 7. Bg2 O-O 8. O-O
b5 9. Qc2 Bb7 10. Bg5 Nbd7 11. Nbd2 c5 12. Bxf6 Bxf6 13. dxc5 Rc8 14. Nb3 Be7
15. Ng5 Bxg5 16. Bxb7 Rc7 17. Be4 f5 18. Bg2 Qc8 19. c6 Nb8 20. Nd4 a6 21. e3
Kh8 22. f4 Bf6 23. Rac1 Rd8 24. Qc5 Be7 25. Qb6 Rd6 26. Rfd1 Bd8 27. Qc5 Be7
28. Qb6 Bd8 29. Qc5 Be7 30. Qe5 Qd8 31. Kf2 Bf6 32. Qc5 Be7 33. Qe5 Bf6 34. Qc5
Be7 35. Qb6 Qc8 36. Ke2 Kg8 37. b3 Kf7 38. a4 b4 39. Nf3 Kg8 40. Ne5 Rxd1 41.
Rxd1 Bf6 42. Rd6 Bd8 43. Qd4 Be7 44. Rxe6 1-0

[Event "2BLS 1920 OSG Baden-Baden II - SF Neube"]
[Site "?"]
[Date "2019.12.07"]
[Round "5.1"]
[White "Lubbe, Nikolas"]
[Black "Gozzoli, Yannick"]
[Result "0-1"]
[WhiteElo "2451"]
[BlackElo "2599"]
[PlyCount "104"]
[EventDate "2019.??.??"]

1. c4 e6 2. g3 d5 3. Bg2 Nf6 4. Nf3 d4 5. b4 c5 6. bxc5 Bxc5 7. O-O Nc6 8. d3
O-O 9. Nbd2 e5 10. Rb1 Re8 11. Ng5 Be7 12. Nge4 Nd7 13. f4 exf4 14. gxf4 f5 15.
Ng5 Bxg5 16. fxg5 Qxg5 17. Ne4 Qg6 18. Ng5 Nf6 19. Rb5 a6 20. Rb6 Qh5 21. Bf3
Qh4 22. Rf2 Ne5 23. Rg2 Kh8 24. Bd2 Nfg4 25. Bxg4 fxg4 26. Qa1 Bf5 27. Rxb7 Bg6
28. Rb6 Bf5 29. Qxd4 h6 30. Qf2 hxg5 31. Qxf5 Nf3+ 32. Kh1 Nxd2 33. Rxg4 Qh7
34. Qxg5 Rxe2 35. Rh4 Rxh2+ 36. Rxh2 Qxh2+ 37. Kxh2 Nf3+ 38. Kg3 Nxg5 39. Kf4
Nh7 40. d4 Nf6 41. d5 Rc8 42. Rb4 a5 43. Ra4 Nd7 44. Rxa5 Rxc4+ 45. Kf5 Kg8 46.
Ra7 Nb6 47. d6 Rd4 48. a4 Rxd6 49. a5 Nd7 50. a6 Rf6+ 51. Kg5 Nc5 52. Ra8+ Rf8
0-1

[Event "2BLS 1920 OSG Baden-Baden II - SF Neube"]
[Site "?"]
[Date "2019.12.07"]
[Round "5.2"]
[White "Dann, Matthias"]
[Black "Lubbe, Melanie"]
[Result "1-0"]
[WhiteElo "2506"]
[BlackElo "2279"]
[PlyCount "79"]
[EventDate "2019.??.??"]

1. e4 c5 2. Nf3 d6 3. d4 cxd4 4. Nxd4 Nf6 5. Nc3 Nc6 6. Bg5 e6 7. Bb5 Bd7 8.
Qd3 Qb6 9. O-O-O Nxd4 10. Bxd7+ Nxd7 11. Qxd4 Qxd4 12. Rxd4 a6 13. Rhd1 Rc8 14.
a4 Rc6 15. Bh4 h5 16. h3 Rh6 17. f4 Be7 18. Bf2 Bd8 19. Rb4 Rg6 20. g3 Bb6 21.
Bxb6 Nxb6 22. Rd3 Rf6 23. h4 Rg6 24. b3 Rg4 25. a5 Nd7 26. Rxb7 f6 27. f5 exf5
28. exf5 Rc5 29. Rxd6 Rxc3 30. Rbxd7 Rc8 31. Rd3 Rxg3 32. Rxg3 Kxd7 33. Rxg7+
Kd6 34. Ra7 Rc6 35. Rb7 Ke5 36. Rb6 Rc8 37. Rxa6 Kxf5 38. b4 Rc4 39. Rb6 Ke5
40. a6 1-0

[Event "2BLS 1920 OSG Baden-Baden II - SF Neube"]
[Site "?"]
[Date "2019.12.07"]
[Round "5.3"]
[White "Wahedi, Ahmad Siar"]
[Black "Bellahcene, Bilel"]
[Result "0-1"]
[WhiteElo "2270"]
[BlackElo "2550"]
[PlyCount "104"]
[EventDate "2019.??.??"]

1. Nf3 Nf6 2. g3 c5 3. Bg2 Nc6 4. d4 cxd4 5. Nxd4 e5 6. Nxc6 dxc6 7. Qxd8+ Kxd8
8. Nd2 Bc5 9. Nc4 Re8 10. Be3 Bxe3 11. Nxe3 Kc7 12. O-O-O Be6 13. Rd2 Nd7 14.
Rhd1 Nc5 15. g4 g6 16. h4 a5 17. a3 f5 18. f3 f4 19. Nf1 e4 20. e3 Rf8 21. exf4
exf3 22. Bxf3 Rxf4 23. Nh2 Raf8 24. Re1 Rxf3 25. Nxf3 Rxf3 26. b4 Rxa3 27. Re5
Na4 28. Rd4 Bd5 29. Re7+ Kd6 30. Rxb7 c5 31. bxc5+ Kxc5 32. Rxd5+ Kxd5 33. Rxh7
Ra1+ 34. Kd2 Nc5 35. Kc3 Rg1 36. g5 Rg3+ 37. Kb2 Na4+ 38. Ka2 Nc3+ 39. Kb3 Nb5+
40. Kb2 Rh3 41. Rh6 a4 42. Rxg6 a3+ 43. Ka2 Rc3 44. Kb1 Rc4 45. Ra6 Rb4+ 46.
Kc1 Rxh4 47. g6 Rh1+ 48. Kd2 Rg1 49. Ra4 Kc5 50. c4 a2 51. g7 Rxg7 52. cxb5 Rg1
0-1

[Event "2BLS 1920 OSG Baden-Baden II - SF Neube"]
[Site "?"]
[Date "2019.12.07"]
[Round "5.4"]
[White "Riff, Jean-Noel"]
[Black "Schaffer, Hendrik"]
[Result "1-0"]
[WhiteElo "2499"]
[BlackElo "2266"]
[PlyCount "77"]
[EventDate "2019.??.??"]

1. e4 c5 2. Nf3 d6 3. d4 cxd4 4. Nxd4 Nf6 5. Nc3 g6 6. Be3 Bg7 7. Be2 O-O 8.
Qd2 Nc6 9. O-O-O Nxd4 10. Bxd4 Qa5 11. Kb1 Be6 12. Bxf6 Bxf6 13. Nd5 Qxd2 14.
Nxf6+ Kg7 15. Nh5+ gxh5 16. Rxd2 Kh6 17. h3 Rac8 18. Re1 Rg8 19. Bf3 f6 20. b3
b5 21. Kb2 h4 22. Rd4 Rg5 23. a4 a6 24. axb5 axb5 25. Ra1 Rc7 26. Ra5 Rgc5 27.
Rd2 Kg5 28. Be2 Rb7 29. Rd4 f5 30. Bd3 f4 31. f3 Kf6 32. Ra8 Rg5 33. Bf1 Rg8
34. Rxg8 Bxg8 35. Rb4 Be6 36. Rxb5 Rc7 37. Rh5 Rc8 38. Rh6+ Ke5 39. Rxh7 1-0

[Event "2BLS 1920 OSG Baden-Baden II - SF Neube"]
[Site "?"]
[Date "2019.12.07"]
[Round "5.5"]
[White "Lutz, Klaus-Juergen"]
[Black "Martin, Julian"]
[Result "0-1"]
[WhiteElo "2240"]
[BlackElo "2382"]
[PlyCount "90"]
[EventDate "2019.??.??"]

1. e4 c5 2. Nf3 Nc6 3. c3 d5 4. exd5 Qxd5 5. d4 Bg4 6. Be2 Nf6 7. c4 Qf5 8.
dxc5 e6 9. Be3 Bxc5 10. Nh4 Bb4+ 11. Nd2 Bxe2 12. Qxe2 Qe5 13. O-O-O O-O 14. f4
Qa5 15. Kb1 Rfd8 16. Nb3 Qa6 17. Nc5 Bxc5 18. Bxc5 Rac8 19. g4 b6 20. Bf2 Nd5
21. Qe4 Ncb4 22. a3 Rxc4 23. Bd4 Nc6 24. Nf3 Qa4 25. Rc1 Rxd4 26. Nxd4 Qxd4 27.
Rhe1 Qxe4+ 28. Rxe4 Nce7 29. h3 a5 30. Rd4 g6 31. Re1 Rc8 32. f5 gxf5 33. gxf5
Nxf5 34. Rg1+ Kf8 35. Rdg4 Ke7 36. Rg5 Kf6 37. R5g4 b5 38. Re4 b4 39. axb4 axb4
40. Rf1 Rg8 41. Rg4 Rg6 42. Rd4 Rg3 43. h4 Ke5 44. Rc4 Nfe3 45. Re1 f5 0-1

[Event "2BLS 1920 OSG Baden-Baden II - SF Neube"]
[Site "?"]
[Date "2019.12.07"]
[Round "5.6"]
[White "Schmaltz, Roland"]
[Black "Sergin, Mark"]
[Result "0-1"]
[WhiteElo "2459"]
[BlackElo "2194"]
[PlyCount "94"]
[EventDate "2019.??.??"]

1. e4 c5 2. Nf3 e6 3. d4 cxd4 4. Nxd4 a6 5. c4 Nf6 6. Nc3 d6 7. Be3 b6 8. Be2
Bb7 9. f3 Nbd7 10. O-O Be7 11. Qd2 Qc7 12. Rac1 Rc8 13. Rfd1 O-O 14. a3 Qb8 15.
b4 Bd8 16. Nb3 Bc7 17. Bf4 Ne8 18. Kh1 Ndf6 19. c5 dxc5 20. Bxc7 Rxc7 21. bxc5
bxc5 22. Qe3 Qc8 23. Na4 Nd7 24. Naxc5 Nxc5 25. Nxc5 Nf6 26. Nxa6 Bxa6 27. Rxc7
Qxc7 28. Bxa6 Qa5 29. Bf1 Ra8 30. Ra1 h5 31. Qd4 Rd8 32. Qb4 Qe5 33. Rb1 h4 34.
a4 Qf4 35. Qb6 Rc8 36. a5 h3 37. a6 Nd7 38. Qf2 hxg2+ 39. Bxg2 Ne5 40. Qe2 g5
41. h3 Kg7 42. Qb2 Kg6 43. Qa3 Qg3 44. Qb3 g4 45. hxg4 Qf2 46. f4 Rh8+ 47. Bh3
Nf3 0-1

[Event "2BLS 1920 OSG Baden-Baden II - SF Neube"]
[Site "?"]
[Date "2019.12.07"]
[Round "5.7"]
[White "Bethke, Richard"]
[Black "Mutschnik, Illya"]
[Result "0-1"]
[WhiteElo "2332"]
[BlackElo "2384"]
[PlyCount "88"]
[EventDate "2019.??.??"]

1. e4 c5 2. Nf3 e6 3. d4 cxd4 4. Nxd4 Nc6 5. Nc3 Qc7 6. Be2 a6 7. O-O Nf6 8.
Be3 Bb4 9. Na4 Bd6 10. Nxc6 bxc6 11. Nb6 Rb8 12. Nxc8 Rxc8 13. Bxa6 Ra8 14. Bd3
Bxh2+ 15. Kh1 Bf4 16. Bd4 Be5 17. Bxe5 Qxe5 18. c3 Nxe4 19. Qe2 f5 20. Bxe4
fxe4 21. f4 Qf5 22. g4 Qg6 23. f5 Qh6+ 24. Kg2 O-O 25. Qxe4 exf5 26. Rxf5 Qd2+
27. Kg3 Rxf5 28. gxf5 Qxb2 29. Qc4+ Kh8 30. Re1 Qd2 31. Re2 Qg5+ 32. Qg4 Qf6
33. Re3 Rf8 34. a4 g6 35. Qd4 Qxd4 36. cxd4 Rxf5 37. Re5 Rf8 38. Re7 Ra8 39.
Rxd7 Rxa4 40. Kf3 Rc4 41. Ke3 c5 42. dxc5 Rxc5 43. Kf4 Rf5+ 44. Kg4 Kg8 0-1

[Event "2BLS 1920 OSG Baden-Baden II - SF Neube"]
[Site "?"]
[Date "2019.12.07"]
[Round "5.8"]
[White "Kaczmarczyk, Dennis"]
[Black "Bethke, Robert"]
[Result "1-0"]
[WhiteElo "2448"]
[BlackElo "2046"]
[PlyCount "55"]
[EventDate "2019.??.??"]

1. c4 e6 2. g3 Nf6 3. Bg2 d5 4. Nf3 Be7 5. O-O O-O 6. d4 c6 7. b3 b6 8. Bb2 Bb7
9. Nbd2 Nbd7 10. Qc2 Rc8 11. e4 dxe4 12. Nxe4 c5 13. Nxf6+ Bxf6 14. Ng5 Bxg5
15. Bxb7 Rc7 16. Be4 f5 17. Bg2 cxd4 18. Bxd4 e5 19. Bb2 f4 20. Rad1 Qf6 21.
Rfe1 Re8 22. Rd5 f3 23. Bf1 g6 24. Bh3 Qg7 25. Qd1 Qh6 26. Bxd7 Rxd7 27. Rxd7
Qh3 28. Qd5+ 1-0

[Event "2BLS 1920 SC Emmendingen - SV Worms 187"]
[Site "?"]
[Date "2019.12.07"]
[Round "5.1"]
[White "Nasshan, Dennis"]
[Black "Bauer, Christian"]
[Result "1/2-1/2"]
[WhiteElo "2302"]
[BlackElo "2632"]
[PlyCount "119"]
[EventDate "2019.??.??"]

1. d4 e6 2. c4 Bb4+ 3. Bd2 a5 4. Nf3 Nf6 5. g3 d5 6. a3 Be7 7. Qc2 O-O 8. Bg2
c6 9. O-O Nbd7 10. Bf4 Nh5 11. Bc1 Nhf6 12. Bf4 b6 13. Rd1 Ba6 14. Ne5 Rc8 15.
Nc3 h6 16. Rac1 Qe8 17. cxd5 cxd5 18. Qb1 Nxe5 19. dxe5 Nd7 20. e4 d4 21. Rxd4
g5 22. Rcd1 Nb8 23. Bc1 Nc6 24. Rd6 Nxe5 25. Rxb6 Bc4 26. b3 Bd3 27. Rxd3 Nxd3
28. Qxd3 Qd8 29. Qxd8 Bxd8 30. Rb5 Rxc3 31. Bd2 Rc2 32. Be3 Bc7 33. Bf1 Rd8 34.
Kg2 Rdd2 35. a4 Rd1 36. h3 Bxg3 37. Kxg3 Rxf1 38. Rxa5 Rb1 39. Kg4 Rxb3 40. Kh5
Kh7 41. Ra7 Rxe3 42. fxe3 Kg7 43. Kg4 Kg6 44. a5 h5+ 45. Kf3 Kf6 46. a6 h4 47.
e5+ Kg6 48. Ra8 Ra2 49. Rg8+ Kf5 50. Rf8 Rxa6 51. Rxf7+ Kxe5 52. Kg4 Ra3 53.
Kxg5 Rxe3 54. Kxh4 Ke4 55. Kg4 Re1 56. h4 Rg1+ 57. Kh5 e5 58. Kh6 Kd3 59. h5 e4
60. Rd7+ 1/2-1/2

[Event "2BLS 1920 SC Emmendingen - SV Worms 187"]
[Site "?"]
[Date "2019.12.07"]
[Round "5.2"]
[White "Baklan, Vladimir"]
[Black "Karsay, Pascal"]
[Result "1/2-1/2"]
[WhiteElo "2590"]
[BlackElo "2277"]
[PlyCount "74"]
[EventDate "2019.??.??"]

1. e4 e5 2. Nf3 Nc6 3. Bb5 a6 4. Ba4 Nf6 5. Nc3 Bc5 6. Bxc6 dxc6 7. d3 Be6 8.
O-O Nd7 9. Ng5 Qe7 10. Kh1 O-O-O 11. Be3 Nf8 12. Bxc5 Qxc5 13. Rb1 h6 14. Nxe6
Nxe6 15. Qd2 Qe7 16. Nd1 h5 17. b4 h4 18. a4 Qf6 19. f3 Nf4 20. Ne3 Qg5 21. Ng4
Rhe8 22. b5 cxb5 23. axb5 Re6 24. bxa6 Rxa6 25. Qb4 b6 26. Ra1 Rxa1 27. Rxa1 h3
28. g3 Ne6 29. Qb5 Nc5 30. Qc6 Na6 31. Kg1 Qd2 32. Nf2 Qe3 33. Qc4 Nc5 34. Qxf7
Kb7 35. f4 Qf3 36. Nxh3 Nxe4 37. Qf5 Qe3+ 1/2-1/2

[Event "2BLS 1920 SC Emmendingen - SV Worms 187"]
[Site "?"]
[Date "2019.12.07"]
[Round "5.3"]
[White "Helbig, Daniel"]
[Black "Hera, Imre Jr"]
[Result "0-1"]
[WhiteElo "2237"]
[BlackElo "2619"]
[PlyCount "54"]
[EventDate "2019.??.??"]

1. e4 c5 2. Nc3 Nc6 3. f4 g6 4. Nf3 Bg7 5. Bb5 Nd4 6. O-O a6 7. Bd3 d6 8. Nxd4
cxd4 9. Ne2 Nf6 10. c3 dxc3 11. bxc3 O-O 12. Bc2 b5 13. h3 Bb7 14. d3 Qc7 15.
Bd2 Rac8 16. Rc1 Nd7 17. Qe1 e6 18. Kh1 f5 19. Bb3 Nc5 20. Nd4 Rce8 21. exf5
Nxb3 22. axb3 gxf5 23. Rf2 Qf7 24. Qe2 Qg6 25. Kh2 e5 26. Nc2 exf4 27. Qf1 Qg3+
0-1

[Event "2BLS 1920 SC Emmendingen - SV Worms 187"]
[Site "?"]
[Date "2019.12.07"]
[Round "5.4"]
[White "Shevchenko, Kirill"]
[Black "Feldmann, Johannes"]
[Result "1-0"]
[WhiteElo "2547"]
[BlackElo "2201"]
[PlyCount "111"]
[EventDate "2019.??.??"]

1. e4 e5 2. Nf3 Nc6 3. Bb5 Nf6 4. d3 d6 5. O-O Bd7 6. Re1 Be7 7. c3 O-O 8. Nbd2
Re8 9. Ba4 Bf8 10. Nf1 h6 11. Ng3 g6 12. d4 Bg7 13. h3 Rb8 14. Bc2 Qe7 15. Be3
a6 16. Qd2 Qf8 17. b4 Rbd8 18. a4 Bc8 19. d5 Ne7 20. c4 Nd7 21. Nh4 Nb6 22. Qe2
f5 23. exf5 Bxf5 24. Ra3 Bxc2 25. Qxc2 Qf6 26. Nf3 Nf5 27. Ne4 Qf7 28. Bxb6
cxb6 29. b5 a5 30. Nfd2 Rf8 31. Qd1 Nd4 32. Rg3 Nf5 33. Rd3 Kh7 34. Qg4 g5 35.
Rf3 Qg6 36. Ng3 Nxg3 37. fxg3 Rxf3 38. gxf3 h5 39. Qe4 Qxe4 40. Nxe4 Kg6 41.
Kf2 Bf6 42. Ke3 Be7 43. f4 exf4+ 44. gxf4 Rc8 45. fxg5 Rxc4 46. Kd3 Rxa4 47.
Nc3 Rh4 48. Rxe7 Rxh3+ 49. Kd4 a4 50. Rxb7 h4 51. Rxb6 Kxg5 52. Rxd6 Rf3 53.
Ne4+ Kh5 54. Rd8 a3 55. d6 Rf1 56. Ra8 1-0

[Event "2BLS 1920 SC Emmendingen - SV Worms 187"]
[Site "?"]
[Date "2019.12.07"]
[Round "5.5"]
[White "Ollenberger, Roland"]
[Black "Korpa, Bence"]
[Result "0-1"]
[WhiteElo "2264"]
[BlackElo "2539"]
[PlyCount "116"]
[EventDate "2019.??.??"]

1. e4 c6 2. Nc3 d5 3. Nf3 dxe4 4. Nxe4 Nf6 5. Nxf6+ exf6 6. Bc4 Bd6 7. Qe2+ Qe7
8. Qxe7+ Kxe7 9. O-O Rd8 10. Re1+ Kf8 11. h3 b5 12. Bb3 Na6 13. d4 Nc7 14. Bd2
a5 15. a4 b4 16. Be3 Nd5 17. Nd2 Bc7 18. Rac1 f5 19. Nc4 Nxe3 20. fxe3 Ba6 21.
Rf1 f4 22. Rf3 f6 23. Rd1 fxe3 24. Rxe3 Re8 25. Rde1 Rxe3 26. Rxe3 Rd8 27. Re6
Bb7 28. c3 bxc3 29. bxc3 c5 30. dxc5 Bd5 31. Ra6 Bg3 32. Rb6 Bc7 33. Nxa5 Bxb3
34. Nxb3 Rd1+ 35. Kf2 Bxb6 36. cxb6 Rb1 37. Nc5 Ke7 38. a5 Kd6 39. Na6 Kc6 40.
Ke3 Rb5 41. Nb4+ Kb7 42. Kd4 Rxa5 43. Nd5 Kc6 44. c4 Ra1 45. Ke4 Rc1 46. Kd4
Rg1 47. g4 Rh1 48. Nf4 Rd1+ 49. Ke4 Kxb6 50. Ne6 Rd7 51. Nf8 Rf7 52. Ne6 Re7
53. Kf5 Kc6 54. h4 Kd6 55. c5+ Kd5 56. Nf8 Re5+ 57. Kf4 g5+ 58. hxg5 fxg5+ 0-1

[Event "2BLS 1920 SC Emmendingen - SV Worms 187"]
[Site "?"]
[Date "2019.12.07"]
[Round "5.6"]
[White "Sokolov, Andrei"]
[Black "Schluchter, Steffen"]
[Result "1-0"]
[WhiteElo "2488"]
[BlackElo "2108"]
[PlyCount "81"]
[EventDate "2019.??.??"]

1. e4 c6 2. Nc3 d5 3. Nf3 dxe4 4. Nxe4 Nd7 5. Bc4 Ndf6 6. Ng3 Nh6 7. d4 Nf5 8.
c3 Nd6 9. Bb3 Bg4 10. h3 Bxf3 11. Qxf3 e6 12. Bf4 Be7 13. Nh5 O-O 14. O-O-O Nf5
15. Nxf6+ Bxf6 16. g4 Nh4 17. Qe4 Ng6 18. Be3 a5 19. Bc2 Qd5 20. h4 Rfe8 21. h5
Nf8 22. Kb1 Qxe4 23. Bxe4 g6 24. a4 Rac8 25. g5 Bg7 26. h6 Bh8 27. f4 f6 28.
Rhe1 Kf7 29. Kc2 Nd7 30. b3 Nb6 31. c4 Rc7 32. Bd2 Ra8 33. Bc3 Nc8 34. Bg2 Ne7
35. Bh3 Nf5 36. Re4 fxg5 37. fxg5 b6 38. c5 bxc5 39. dxc5 Bxc3 40. Kxc3 Ke7 41.
Rde1 1-0

[Event "2BLS 1920 SC Emmendingen - SV Worms 187"]
[Site "?"]
[Date "2019.12.07"]
[Round "5.7"]
[White "Martin, Mike"]
[Black "Lodici, Lorenzo"]
[Result "0-1"]
[WhiteElo "2147"]
[BlackElo "2455"]
[PlyCount "48"]
[EventDate "2019.??.??"]

1. e4 c5 2. Nf3 Nc6 3. c3 d5 4. exd5 Qxd5 5. d4 Bf5 6. Be2 cxd4 7. cxd4 Bxb1 8.
Rxb1 e6 9. a3 Nf6 10. O-O h6 11. Be3 Bd6 12. Ne5 Bxe5 13. dxe5 Qxe5 14. Qb3 Rb8
15. f4 Qf5 16. Bd3 Qa5 17. Rbc1 O-O 18. Rc5 Qc7 19. f5 e5 20. Qc4 Qd6 21. Bb1
Nd4 22. Ba2 b5 23. Qb4 a5 24. Rd5 Qxd5 0-1

[Event "2BLS 1920 SC Emmendingen - SV Worms 187"]
[Site "?"]
[Date "2019.12.07"]
[Round "5.8"]
[White "Herbrechtsmeier, Christof"]
[Black "Musiolik, David"]
[Result "1-0"]
[WhiteElo "2174"]
[BlackElo "2126"]
[PlyCount "109"]
[EventDate "2019.??.??"]

1. e4 e6 2. d4 d5 3. Nc3 Bb4 4. Bd3 c5 5. exd5 Qxd5 6. Bd2 Bxc3 7. Bxc3 cxd4 8.
Bxd4 Qxg2 9. Qf3 Qxf3 10. Nxf3 f6 11. Rg1 Kf7 12. O-O-O Nc6 13. Bc5 Nge7 14.
Nd2 Nf5 15. Nc4 Rd8 16. Bxf5 exf5 17. Rxd8 Nxd8 18. Nd6+ Kg8 19. Bd4 Kf8 20.
Bc5 Kg8 21. Bd4 Kf8 22. Bc5 b6 23. Ba3 Kg8 24. Ne8 Ne6 25. Nxf6+ Kh8 26. Ne8 g5
27. Nd6 f4 28. b3 Kg7 29. h4 Kg6 30. hxg5 Nd4 31. Rh1 Bg4 32. Rh4 Kxg5 33. Rxh7
Ne6 34. Bb2 Bf5 35. Rh1 f3 36. Be5 Nf4 37. Nf7+ Kg6 38. Rh6+ Kxf7 39. Rf6+ Ke7
40. Rxf5 Ng6 41. Bc3 Rd8 42. Rxf3 Rd5 43. Bf6+ Ke6 44. c4 Rf5 45. Rxf5 Kxf5 46.
Bd4 Ke4 47. Be3 Ne5 48. Kc2 Nc6 49. Kc3 Ke5 50. b4 Ne7 51. a4 Kd6 52. c5+ Kc7
53. Kc4 Nc6 54. cxb6+ axb6 55. Kb5 1-0

[Event "2BLS 1920 TSV Schönaich - SV 1920 Hofh"]
[Site "?"]
[Date "2019.12.08"]
[Round "6.1"]
[White "Bernadskiy, Vitaliy"]
[Black "Bosiocic, Marin"]
[Result "1/2-1/2"]
[WhiteElo "2593"]
[BlackElo "2623"]
[PlyCount "81"]
[EventDate "2019.??.??"]

1. c4 e5 2. g3 Nf6 3. Bg2 c6 4. Nf3 e4 5. Nd4 Qb6 6. Nb3 a5 7. a4 d5 8. cxd5
Nxd5 9. e3 Nd7 10. Nc3 Nxc3 11. bxc3 Ne5 12. Bxe4 Bg4 13. f3 f5 14. fxg4 fxe4
15. O-O c5 16. d4 exd3 17. Nd2 O-O-O 18. Rb1 Qc6 19. c4 Bd6 20. Bb2 Rhe8 21.
Bc3 Bc7 22. g5 b6 23. Qh5 Qg6 24. Qxg6 hxg6 25. Rbe1 Rd7 26. Kg2 Nc6 27. e4 Be5
28. Bxe5 Nxe5 29. h3 Kc7 30. g4 Red8 31. Kg3 Kd6 32. h4 Ke6 33. h5 Rh8 34. Rb1
Rd6 35. h6 gxh6 36. Rf6+ Ke7 37. Rxd6 Kxd6 38. Rxb6+ Ke7 39. Rb7+ Kd6 40. Rb6+
Ke7 41. Rb7+ 1/2-1/2

[Event "2BLS 1920 TSV Schönaich - SV 1920 Hofh"]
[Site "?"]
[Date "2019.12.08"]
[Round "6.2"]
[White "Krassowizkij, Jaroslaw"]
[Black "Sumets, Andrey"]
[Result "1-0"]
[WhiteElo "2455"]
[BlackElo "2580"]
[PlyCount "91"]
[EventDate "2019.??.??"]

1. e4 e6 2. d4 d5 3. Nc3 Bb4 4. e5 Ne7 5. a3 Bxc3+ 6. bxc3 b6 7. Qg4 Ng6 8. h4
h5 9. Qg3 Ba6 10. Bxa6 Nxa6 11. Ne2 Qd7 12. Nf4 Nxf4 13. Bxf4 f5 14. exf6 gxf6
15. Qg6+ Qf7 16. Qd3 Nb8 17. c4 Qh7 18. Qe3 Qe4 19. cxd5 Qxe3+ 20. fxe3 exd5
21. Bxc7 Nc6 22. O-O Kd7 23. Bh2 Raf8 24. Rf3 f5 25. Raf1 Ke6 26. c4 dxc4 27.
d5+ Kxd5 28. Rd1+ Kc5 29. Bd6+ Kb5 30. Bxf8 Rxf8 31. e4 Ka4 32. Rc3 b5 33. Rd6
Rc8 34. exf5 a5 35. f6 Ne5 36. Rd5 b4 37. axb4 axb4 38. Rc1 b3 39. Ra1+ Kb4 40.
Rxe5 b2 41. Rf1 c3 42. f7 Rf8 43. Re8 Rxf7 44. Rb8+ Kc5 45. Rxf7 c2 46. Rc7+
1-0

[Event "2BLS 1920 TSV Schönaich - SV 1920 Hofh"]
[Site "?"]
[Date "2019.12.08"]
[Round "6.3"]
[White "Hickl, Joerg"]
[Black "Menezes, Christoph"]
[Result "1-0"]
[WhiteElo "2542"]
[BlackElo "2391"]
[PlyCount "69"]
[EventDate "2019.??.??"]

1. g3 g6 2. Bg2 Bg7 3. c4 Nf6 4. Nc3 O-O 5. d3 c5 6. a3 Nc6 7. Rb1 a5 8. Nf3 d6
9. O-O Bf5 10. h3 h6 11. Ne1 Ne8 12. Nc2 Bd7 13. Bd2 Nc7 14. b4 cxb4 15. axb4
Nxb4 16. Nxb4 axb4 17. Rxb4 Bc6 18. Qc1 Kh7 19. Bxc6 bxc6 20. c5 f5 21. cxd6
exd6 22. Nb1 c5 23. Rb7 Qc8 24. Rb6 f4 25. g4 Be5 26. Bc3 Ne6 27. Bxe5 dxe5 28.
Qc4 Ng5 29. f3 Qd8 30. Rb7+ Kh8 31. Kg2 Qd4 32. Nd2 Qe3 33. Ne4 Nxe4 34. dxe4
Rf6 35. Rd1 1-0

[Event "2BLS 1920 TSV Schönaich - SV 1920 Hofh"]
[Site "?"]
[Date "2019.12.08"]
[Round "6.4"]
[White "Ratkovic, Miloje"]
[Black "Ginsburg, Gennadi"]
[Result "1-0"]
[WhiteElo "2452"]
[BlackElo "2406"]
[PlyCount "149"]
[EventDate "2019.??.??"]

1. d4 d5 2. c4 e6 3. Nc3 c5 4. cxd5 exd5 5. Nf3 Nc6 6. Bg5 Be7 7. Bxe7 Ngxe7 8.
dxc5 Qa5 9. e3 Qxc5 10. Be2 O-O 11. O-O Rd8 12. Rc1 Bg4 13. Nd4 Bxe2 14. Qxe2
Rac8 15. Rfd1 Nxd4 16. exd4 Qd6 17. Nb5 Qe6 18. Qxe6 fxe6 19. Nxa7 Rxc1 20.
Rxc1 Ra8 21. Nb5 Rxa2 22. Nc7 Rxb2 23. Nxe6 Re2 24. Nd8 b5 25. Kf1 Re4 26. f3
Rh4 27. Rb1 h6 28. Rxb5 Rxh2 29. Rb7 Nf5 30. Kg1 Rh4 31. Ne6 Nxd4 32. g3 Nxf3+
33. Kf2 Re4 34. Rb8+ Kf7 35. Nd8+ Kg6 36. Kxf3 Re8 37. Rb6+ Kh7 38. Rd6 Re5 39.
Nc6 Rf5+ 40. Kg4 Rg5+ 41. Kf4 Rh5 42. Ne7 Rh1 43. Nf5 Ra1 44. Rd7 Ra4+ 45. Kf3
Kg6 46. Nxg7 h5 47. Ne6 Ra3+ 48. Kf4 Ra4+ 49. Ke5 h4 50. Rg7+ Kh6 51. Kf5 hxg3
52. Rxg3 Kh7 53. Kf6 Ra6 54. Rh3+ Kg8 55. Rc3 d4 56. Rc7 d3 57. Rg7+ Kh8 58.
Re7 d2 59. Kg6 Ra8 60. Rd7 Kg8 61. Rxd2 Rb8 62. Rd7 Ra8 63. Rg7+ Kh8 64. Rc7
Kg8 65. Rb7 Rc8 66. Kh6 Ra8 67. Rg7+ Kh8 68. Re7 Kg8 69. Kg6 Rb8 70. Rd7 Kh8
71. Rd6 Kg8 72. Ng5 Kf8 73. Re6 Kg8 74. Nh7 Kh8 75. Nf6 1-0

[Event "2BLS 1920 TSV Schönaich - SV 1920 Hofh"]
[Site "?"]
[Date "2019.12.08"]
[Round "6.5"]
[White "Womacka, Mathias"]
[Black "Ratkovic, Milovan"]
[Result "1/2-1/2"]
[WhiteElo "2441"]
[BlackElo "2435"]
[PlyCount "83"]
[EventDate "2019.??.??"]

1. e4 c6 2. d4 d5 3. Nd2 dxe4 4. Nxe4 Bf5 5. Ng3 Bg6 6. h4 h6 7. Nf3 e6 8. Ne5
Bh7 9. Bd3 Bxd3 10. Qxd3 Nd7 11. f4 Be7 12. Bd2 Nxe5 13. fxe5 Bxh4 14. O-O-O
Bxg3 15. Qxg3 Ne7 16. Qxg7 Rg8 17. Qxh6 Qd5 18. Kb1 O-O-O 19. Qf6 Rxg2 20. Qxe7
Rxd2 21. Qxd8+ Kxd8 22. Rh8+ Ke7 23. Rxd2 c5 24. c3 Qe4+ 25. Kc1 cxd4 26. cxd4
f6 27. exf6+ Kxf6 28. Rhh2 Qc6+ 29. Kd1 Qe4 30. a3 Qb1+ 31. Ke2 Qe4+ 32. Kf1
Qb1+ 33. Kf2 Ke7 34. Rh3 Qc1 35. Rhd3 Kd6 36. Ke2 Qb1 37. Re3 Kd5 38. Re5+ Kd6
39. Ke3 a6 40. Re2 Qd1 41. Rd2 Qb1 42. Re2 1/2-1/2

[Event "2BLS 1920 TSV Schönaich - SV 1920 Hofh"]
[Site "?"]
[Date "2019.12.08"]
[Round "6.6"]
[White "Wenninger, Philipp"]
[Black "Gurevich, Vladimir"]
[Result "1/2-1/2"]
[WhiteElo "2365"]
[BlackElo "2470"]
[PlyCount "34"]
[EventDate "2019.??.??"]

1. d4 e6 2. c4 Nf6 3. Nc3 Bb4 4. e3 O-O 5. Nge2 d5 6. a3 Be7 7. cxd5 exd5 8.
Nf4 c6 9. Bd3 Na6 10. O-O Nc7 11. f3 Re8 12. Bc2 Ne6 13. e4 dxe4 14. Nxe6 Bxe6
15. fxe4 Bg4 16. Qd3 Bh5 17. Bf4 Bg6 1/2-1/2

[Event "2BLS 1920 TSV Schönaich - SV 1920 Hofh"]
[Site "?"]
[Date "2019.12.08"]
[Round "6.7"]
[White "Lobzhanidze, Davit"]
[Black "Lorscheid, Gerhard"]
[Result "1/2-1/2"]
[WhiteElo "2410"]
[BlackElo "2228"]
[PlyCount "30"]
[EventDate "2019.??.??"]

1. e4 d6 2. d4 Nf6 3. Nc3 e5 4. Nf3 Nbd7 5. Bc4 Be7 6. a4 O-O 7. O-O c6 8. h3
exd4 9. Qxd4 Qb6 10. Be3 Qxd4 11. Bxd4 Nc5 12. Bxc5 dxc5 13. Rad1 Nd7 14. Rfe1
Nb6 15. Ba2 a5 {(=)} 1/2-1/2

[Event "2BLS 1920 TSV Schönaich - SV 1920 Hofh"]
[Site "?"]
[Date "2019.12.08"]
[Round "6.8"]
[White "Richter, Nils"]
[Black "Zude, Erik"]
[Result "0-1"]
[WhiteElo "2271"]
[BlackElo "2384"]
[PlyCount "64"]
[EventDate "2019.??.??"]

1. e4 c5 2. Nf3 d6 3. d4 cxd4 4. Nxd4 Nf6 5. Nc3 a6 6. Be3 e5 7. Nb3 Be6 8. f3
h5 9. Nd5 Bxd5 10. exd5 g6 11. c4 Nbd7 12. Be2 Bg7 13. O-O O-O 14. Rc1 b5 15.
cxb5 axb5 16. a3 Nb6 17. Rc6 Nbxd5 18. Bg5 Qd7 19. Bxb5 Ne7 20. Rc5 Qd8 21.
Bxf6 Bxf6 22. Rd5 Qb6+ 23. Kh1 Nxd5 24. Qxd5 e4 25. fxe4 Bxb2 26. a4 Be5 27. a5
Qe3 28. a6 Rac8 29. Bc4 Rc7 30. Bb5 Rc2 31. Bc4 Qg5 32. g3 Rxh2+ 0-1

[Event "2BLS 1920 Stuttgarter SF - SC Heusensta"]
[Site "?"]
[Date "2019.12.08"]
[Round "6.1"]
[White "Michalik, Peter"]
[Black "Schitco, Ivan"]
[Result "1-0"]
[WhiteElo "2585"]
[BlackElo "2474"]
[PlyCount "65"]
[EventDate "2019.??.??"]

1. d4 d5 2. c4 e6 3. Nf3 a6 4. Bg5 Be7 5. Bxe7 Qxe7 6. Nbd2 Nf6 7. g3 O-O 8.
Bg2 c5 9. cxd5 exd5 10. dxc5 Qxc5 11. Rc1 Qe7 12. Nd4 Qb4 13. N4b3 Nc6 14. O-O
Bg4 15. h3 Bh5 16. Nf3 Rfe8 17. e3 a5 18. g4 Bg6 19. g5 Ne4 20. Qxd5 Rad8 21.
Qc4 Qe7 22. Nc5 Nxc5 23. Qxc5 Qe6 24. Rfd1 Rxd1+ 25. Rxd1 Qxa2 26. Qb6 Be4 27.
Qxb7 g6 28. Nh2 Bxg2 29. Kxg2 Ne5 30. Rd6 Qc4 31. Rf6 Rf8 32. e4 Kg7 33. Qe7
1-0